El desafío japonés : (Registro nro. 8601)

Detalles MARC
000 -LEADER
fixed length control field 01465nam a2200301Ia 4500
003 - CONTROL NUMBER IDENTIFIER
control field OSt
005 - DATE AND TIME OF LATEST TRANSACTION
control field 20210920220018.0
008 - FIXED-LENGTH DATA ELEMENTS--GENERAL INFORMATION
fixed length control field 210310t1981 ck ad fr 000 0 spa d
020 ## - INTERNATIONAL STANDARD BOOK NUMBER
International Standard Book Number 848276-
040 ## - CATALOGING SOURCE
Original cataloging agency CO-JMCR
Transcribing agency CO-JMCR
041 0# - LANGUAGE CODE
Language code of text/sound track or separate title spa
082 04 - DEWEY DECIMAL CLASSIFICATION NUMBER
Classification number 338.952 /
Item number K124d
Edition number 23
100 1# - MAIN ENTRY--PERSONAL NAME
Personal name Kahn, Herman,
9 (RLIN) 17748
Relator term autor
245 13 - TITLE STATEMENT
Title El desafío japonés :
Remainder of title éxito y fracaso de su desarrollo económico /
Statement of responsibility, etc. por Herman Kahn y Thomas Pepper ; traducción, Gabriel Pérez
260 ## - PUBLICATION, DISTRIBUTION, ETC.
Place of publication, distribution, etc. Bogotá :
Name of publisher, distributor, etc. Norma,
Date of publication, distribution, etc. 1981
300 ## - PHYSICAL DESCRIPTION
Extent 207 páginas :
Other physical details ilustraciones y gráficas a blanco y negro ;
Dimensions 23 cm.
490 0# - SERIES STATEMENT
Series statement Empresas y empreasrios
500 ## - GENERAL NOTE
General note Incluye notas a pie de página.<br/>Título original: The Japanese Challenge: the success and failure of economic success
504 ## - BIBLIOGRAPHY, ETC. NOTE
Bibliography, etc. note Bibliografía: páginas 199-200
505 0# - FORMATTED CONTENTS NOTE
Formatted contents note Enfoques hacia el Japón del futuro -- El colapso y el retorno del desarrollo -- Algunos problemas del éxito económico -- Tendencias del Japón contemporáneo -- Una posible sociedad japonesa postindustrial -- Proyección de un Japón de negocios como siempre -- El programa Yonzenso -- El Japón en el mundo
546 ## - LANGUAGE NOTE
Language note Traducido del inglés.
650 14 - SUBJECT ADDED ENTRY--TOPICAL TERM
Topical term or geographic name entry element Desarrollo económico
9 (RLIN) 17750
Geographic subdivision Japón
651 #4 - SUBJECT ADDED ENTRY--GEOGRAPHIC NAME
Geographic name Japón
General subdivision Condiciones económicas
9 (RLIN) 40657
651 #4 - SUBJECT ADDED ENTRY--GEOGRAPHIC NAME
Geographic name Japón
General subdivision Política económica
9 (RLIN) 40602
700 1# - ADDED ENTRY--PERSONAL NAME
Personal name Pepper, Thomas,
Relator term autor
9 (RLIN) 40658
700 1# - ADDED ENTRY--PERSONAL NAME
Personal name Pérez, Gabriel,
Relator term traductor
9 (RLIN) 40659
942 ## - ADDED ENTRY ELEMENTS (KOHA)
Source of classification or shelving scheme Dewey Decimal Classification
Koha item type Books
Existencias
Withdrawn status Lost status Source of classification or shelving scheme Damaged status Not for loan Collection code Home library Current library Date acquired Source of acquisition Full call number Barcode Date last seen Copy number Koha item type
    Dewey Decimal Classification     Non-fiction Biblioteca Pública José María del Castillo y Rada Biblioteca Pública José María del Castillo y Rada 04/15/2018 Donación 338.952 / K124d 201811704 05/16/2024 Ej.1 Books